[Event "Madrid ch Veteranos 2223"]
[Site "Madrid ESP"]
[Date "2023.04.24"]
[Round "6.18"]
[White "Menendez Domens, Juan Manuel"]
[Black "Gonzalez Rivera, Eduardo"]
[Result "0-1"]
[WhiteElo "1460"]
[BlackElo "2026"]
[PlyCount "88"]
[EventDate "2023.04.17"]
[EventType "swiss"]
[EventRounds "9"]
[EventCountry "ESP"]
[SourceTitle "Ajedrez en Madrid"]
[Source "lmi"]
[SourceDate "2023.04.17"]
[SourceVersion "1"]
[SourceVersionDate "2023.05.22"]
[SourceQuality "1"]

1. d4 d5 2. Nf3 Nf6 3. e3 e6 4. Bd3 c5 5. c3 Nbd7 6. O-O Bd6 7. Nbd2 O-O 8. Qe2
e5 9. dxe5 Nxe5 10. Nxe5 Bxe5 11. Nf3 Bc7 12. Re1 Re8 13. h3 a6 14. Qc2 Ne4 15.
Rd1 Qf6 16. Qe2 b5 17. Nd2 Qg5 18. Qf3 f5 19. a4 c4 20. Be2 Rb8 21. Qh5 Qe7 22.
Nxe4 dxe4 23. axb5 axb5 24. Ra7 g6 25. Qh6 Bh2+ 26. Kxh2 Qxa7 27. Qf4 Be6 28.
f3 exf3 29. Bxf3 Rbd8 30. Re1 Qb8 31. e4 Qxf4+ 32. Bxf4 Bd5 33. Bg5 Rd7 34. e5
Bxf3 35. gxf3 Kf7 36. Re2 Ke6 37. Be3 Ra8 38. Bc5 Ra2 39. Ba3 Rd5 40. f4 Rd3
41. Re1 Rxc3 42. Rd1 Rcxa3 43. Rd6+ Ke7 44. Kg1 Rxb2 0-1

[Event "Madrid ch Veteranos 2223"]
[Site "Madrid ESP"]
[Date "2023.04.24"]
[Round "6.19"]
[White "Alonso Abad, Enrique"]
[Black "Cano Mercado, Francisco Manuel"]
[Result "1/2-1/2"]
[WhiteElo "1901"]
[BlackElo "1728"]
[PlyCount "146"]
[EventDate "2023.04.17"]
[EventType "swiss"]
[EventRounds "9"]
[EventCountry "ESP"]
[SourceTitle "Ajedrez en Madrid"]
[Source "lmi"]
[SourceDate "2023.04.17"]
[SourceVersion "1"]
[SourceVersionDate "2023.05.22"]
[SourceQuality "1"]

1. e4 e6 2. d4 d5 3. Bd3 dxe4 4. Bxe4 Nf6 5. Bf3 c5 6. Ne2 Nc6 7. c3 cxd4 8.
Bxc6+ bxc6 9. Nxd4 c5 10. Qf3 Bd7 11. Nb3 Be7 12. O-O O-O 13. Na3 a5 14. Be3
Qc8 15. Nc4 Nd5 16. Ne5 Ba4 17. Nd2 f6 18. Qg4 Nxe3 19. fxe3 Bb5 20. c4 Ba6 21.
Nef3 Bb7 22. Rf2 f5 23. Qh5 Bf6 24. Nf1 a4 25. Rd1 Qe8 26. Ng3 g6 27. Qh6 Bg7
28. Qh4 e5 29. Rfd2 f4 30. exf4 exf4 31. Nf1 Bxf3 32. gxf3 Bd4+ 33. Kh1 Rb8 34.
Re1 Qc6 35. Qh3 Rf5 36. Re7 Rh5 37. Qg4 Rf8 38. Rg2 Qf6 39. Re6 Qf5 40. Qxf5
Rhxf5 41. Nd2 Bxb2 42. Ne4 a3 43. Re2 Rd8 44. Re7 Rd3 45. Kg2 Bd4 46. Nf2 Bxf2
47. Kxf2 Rf7 48. R7e5 Rb7 49. Rxc5 Kg7 50. Rce5 Rc3 51. R5e4 g5 52. h4 h6 53.
hxg5 hxg5 54. Re5 Kg6 55. Re6+ Kf7 56. R6e5 Rxc4 57. Rxg5 Rb2 58. Ra5 Rxe2+ 59.
Kxe2 Rc2+ 60. Kd3 Rxa2 61. Ke4 Re2+ 62. Kxf4 a2 63. Kf5 Rb2 64. Ra7+ Ke8 65. f4
Rb5+ 66. Kg4 Rb2 67. Kg5 Rg2+ 68. Kf6 Kd8 69. f5 Kc8 70. Kf7 Rh2 71. Ke6 Re2+
72. Kf6 Rh2 73. Kg6 Rg2+ 1/2-1/2

[Event "Madrid ch Veteranos 2223"]
[Site "Madrid ESP"]
[Date "2023.04.24"]
[Round "6.20"]
[White "Martin Garcia, Luis I"]
[Black "Villares Galiano, Luis"]
[Result "1-0"]
[WhiteElo "1814"]
[BlackElo "1887"]
[PlyCount "45"]
[EventDate "2023.04.17"]
[EventType "swiss"]
[EventRounds "9"]
[EventCountry "ESP"]
[SourceTitle "Ajedrez en Madrid"]
[Source "lmi"]
[SourceDate "2023.04.17"]
[SourceVersion "1"]
[SourceVersionDate "2023.05.22"]
[SourceQuality "1"]

1. e4 e5 2. Nf3 Nc6 3. Bb5 a6 4. Ba4 Nf6 5. O-O Be7 6. Re1 b5 7. Bb3 O-O 8. c3
d5 9. exd5 Nxd5 10. Nxe5 Nxe5 11. Rxe5 Nf6 12. d4 Bd6 13. Re1 Ng4 14. g3 Nxh2
15. Bd5 Bg4 16. Qd3 Re8 17. Rxe8+ Qxe8 18. Kxh2 Rd8 19. Qe4 Qxe4 20. Bxe4 Re8
21. f3 Bd7 22. Bd2 h5 23. Kg2 1-0

[Event "Madrid ch Veteranos 2223"]
[Site "Madrid ESP"]
[Date "2023.04.24"]
[Round "6.21"]
[White "Toledo Aguirre, Gonzalo"]
[Black "Martin Martin, Luis Vicente"]
[Result "0-1"]
[WhiteElo "1749"]
[BlackElo "1871"]
[PlyCount "110"]
[EventDate "2023.04.17"]
[EventType "swiss"]
[EventRounds "9"]
[EventCountry "ESP"]
[SourceTitle "Ajedrez en Madrid"]
[Source "lmi"]
[SourceDate "2023.04.17"]
[SourceVersion "1"]
[SourceVersionDate "2023.05.22"]
[SourceQuality "1"]

1. d4 Nf6 2. c4 e5 3. dxe5 Ne4 4. Nf3 Nc6 5. Nbd2 Bb4 6. a3 Bxd2+ 7. Bxd2 Nxd2
8. Qxd2 Qe7 9. g3 b6 10. Bg2 Bb7 11. O-O O-O-O 12. b4 Nxe5 13. Nxe5 Bxg2 14.
Kxg2 Qxe5 15. c5 h5 16. cxb6 axb6 17. Rac1 h4 18. Qc3 Qxc3 19. Rxc3 Kb7 20. Rd1
Rhe8 21. Kf3 hxg3 22. hxg3 Re5 23. e4 f5 24. exf5 Rxf5+ 25. Kg2 d6 26. Re1 Rd7
27. f4 g5 28. fxg5 Rxg5 29. Re4 c5 30. Rf4 Kc6 31. a4 d5 32. a5 c4 33. Rf6+ Rd6
34. b5+ Kc5 35. Rxd6 Kxd6 36. axb6 Rg7 37. Ra3 Rb7 38. g4 Kc5 39. Kf3 d4 40. g5
Rxb6 41. Ra6 Rxb5 42. g6 Rb7 43. Rf6 Rg7 44. Ke2 Rg8 45. Kd2 Rh8 46. g7 Rh2+
47. Kd1 Rg2 48. Rf7 Kb4 49. Ke1 Kc3 50. Kf1 Rg6 51. Kf2 d3 52. Rd7 Rg5 53. Ke1
Kc2 54. Kf1 d2 55. Ke2 c3 0-1

[Event "Madrid ch Veteranos 2223"]
[Site "Madrid ESP"]
[Date "2023.04.24"]
[Round "6.22"]
[White "Camacho Casado, Demetrio"]
[Black "Perez Pascual, Arturo"]
[Result "1-0"]
[WhiteElo "1862"]
[BlackElo "1622"]
[PlyCount "77"]
[EventDate "2023.04.17"]
[EventType "swiss"]
[EventRounds "9"]
[EventCountry "ESP"]
[SourceTitle "Ajedrez en Madrid"]
[Source "lmi"]
[SourceDate "2023.04.17"]
[SourceVersion "1"]
[SourceVersionDate "2023.05.22"]
[SourceQuality "1"]

1. d4 d5 2. Nc3 Nf6 3. Bf4 c6 4. e3 Bf5 5. f3 Bg6 6. g4 h6 7. h4 e6 8. Bd3 Bxd3
9. Qxd3 Bd6 10. Nge2 Qc7 11. Bxd6 Qxd6 12. O-O-O Na6 13. e4 dxe4 14. Nxe4 Nxe4
15. fxe4 O-O-O 16. Kb1 Kb8 17. c4 f6 18. Qe3 Rhe8 19. Nc3 Nc7 20. a3 Qe7 21. h5
b6 22. Kc2 Kb7 23. b4 b5 24. c5 Qf7 25. Qf3 Rd7 26. Rd2 Red8 27. Rhd1 a6 28.
Kb2 Kb8 29. a4 bxa4 30. Nxa4 e5 31. d5 cxd5 32. Nb6 Re7 33. exd5 e4 34. Qe2 Re5
35. d6 Nb5 36. c6 Rxd6 37. Rxd6 Nxd6 38. Rxd6 Qc7 39. Qxa6 1-0

[Event "Madrid ch Veteranos 2223"]
[Site "Madrid ESP"]
[Date "2023.04.24"]
[Round "6.23"]
[White "Jimenez Jimenez, Jose Luis"]
[Black "Diaz Begonte, Manuel"]
[Result "1-0"]
[WhiteElo "1737"]
[BlackElo "1536"]
[PlyCount "55"]
[EventDate "2023.04.17"]
[EventType "swiss"]
[EventRounds "9"]
[EventCountry "ESP"]
[SourceTitle "Ajedrez en Madrid"]
[Source "lmi"]
[SourceDate "2023.04.17"]
[SourceVersion "1"]
[SourceVersionDate "2023.05.22"]
[SourceQuality "1"]

1. e4 d5 2. exd5 Nf6 3. Nf3 Nxd5 4. d4 g6 5. Bc4 c6 6. O-O Bg7 7. c3 O-O 8. Qe2
Nd7 9. Bg5 N7f6 10. Nbd2 h6 11. Bh4 Be6 12. Ne5 Nf4 13. Qf3 Bxc4 14. Ndxc4 N6d5
15. Bg3 Ne6 16. Rfe1 Ng5 17. Qg4 f5 18. Qe2 Kh7 19. f3 Rc8 20. h4 Nf7 21. Rad1
Nd6 22. Rd2 Nxc4 23. Nxc4 Bf6 24. Qe6 b5 25. Ne5 f4 26. Bf2 Qd6 27. Nd7 Qxe6
28. Nxf8+ 1-0

[Event "Madrid ch Veteranos 2223"]
[Site "Madrid ESP"]
[Date "2023.04.24"]
[Round "6.24"]
[White "Montero Montero, Juan Jose"]
[Black "Marcos Herrero, Francisco"]
[Result "1/2-1/2"]
[WhiteElo "1678"]
[BlackElo "1830"]
[PlyCount "74"]
[EventDate "2023.04.17"]
[EventType "swiss"]
[EventRounds "9"]
[EventCountry "ESP"]
[SourceTitle "Ajedrez en Madrid"]
[Source "lmi"]
[SourceDate "2023.04.17"]
[SourceVersion "1"]
[SourceVersionDate "2023.05.22"]
[SourceQuality "1"]

1. e4 c6 2. Nc3 d5 3. Nf3 Bg4 4. h3 Bxf3 5. Qxf3 d4 6. Ne2 e6 7. Qd3 c5 8. Ng3
Nc6 9. a3 Nge7 10. Be2 Ng6 11. O-O Bd6 12. Re1 O-O 13. Qb3 Qc7 14. Nf1 Nf4 15.
d3 Rae8 16. Bxf4 Bxf4 17. c4 f5 18. exf5 exf5 19. Bf3 Kh8 20. Bxc6 Qxc6 21. Qc2
Re6 22. Rxe6 Qxe6 23. b4 cxb4 24. axb4 a6 25. Nh2 Bxh2+ 26. Kxh2 Qd6+ 27. g3 f4
28. c5 Qd5 29. Re1 fxg3+ 30. fxg3 h6 31. Re4 Rf1 32. Qe2 Qf5 33. Re8+ Kh7 34.
Qe4 Rf2+ 35. Kh1 Rf1+ 36. Kh2 Rf2+ 37. Kh1 Rf1+ 1/2-1/2

[Event "Madrid ch Veteranos 2223"]
[Site "Madrid ESP"]
[Date "2023.04.24"]
[Round "6.25"]
[White "De Dompablo Fantova, Juan"]
[Black "Ruiz Quevedo, Andres"]
[Result "1-0"]
[WhiteElo "1665"]
[BlackElo "1827"]
[PlyCount "41"]
[EventDate "2023.04.17"]
[EventType "swiss"]
[EventRounds "9"]
[EventCountry "ESP"]
[SourceTitle "Ajedrez en Madrid"]
[Source "lmi"]
[SourceDate "2023.04.17"]
[SourceVersion "1"]
[SourceVersionDate "2023.05.22"]
[SourceQuality "1"]

1. e4 c5 2. Nc3 g6 3. f4 Bg7 4. Nf3 Nc6 5. Bb5 Nd4 6. Bc4 e6 7. Nxd4 cxd4 8.
Ne2 Ne7 9. d3 O-O 10. Bb3 d6 11. O-O Bd7 12. Qe1 Rc8 13. Bd2 b6 14. Bb4 a5 15.
Bxd6 a4 16. Qb4 Nc6 17. Qxa4 Na5 18. Qb4 Nc6 19. Qe1 Re8 20. Qd2 Na5 21. Nxd4
1-0

[Event "Madrid ch Veteranos 2223"]
[Site "Madrid ESP"]
[Date "2023.04.24"]
[Round "6.27"]
[White "Ros Martinez, Francisco Javier"]
[Black "Alberdi Garcia, Carlos Alfonso"]
[Result "0-1"]
[WhiteElo "1562"]
[BlackElo "1699"]
[PlyCount "82"]
[EventDate "2023.04.17"]
[EventType "swiss"]
[EventRounds "9"]
[EventCountry "ESP"]
[SourceTitle "Ajedrez en Madrid"]
[Source "lmi"]
[SourceDate "2023.04.17"]
[SourceVersion "1"]
[SourceVersionDate "2023.05.22"]
[SourceQuality "1"]

1. d4 Nf6 2. Bf4 d5 3. e3 c5 4. Nf3 Nc6 5. Nbd2 cxd4 6. exd4 Bg4 7. c3 e6 8. h3
Bh5 9. Bb5 Rc8 10. Qa4 Qb6 11. Qb3 Be7 12. Ne5 O-O 13. g4 Nxd4 14. cxd4 Qxd4
15. Qe3 Qxb2 16. Rb1 Rc1+ 17. Ke2 Rxb1 18. Rxb1 Qxa2 19. gxh5 Nxh5 20. Rc1 Qb2
21. Rb1 Qa2 22. Bd3 Qa4 23. Bg3 b6 24. Qf3 Nf6 25. Rg1 b5 26. Bf4 Kh8 27. Bg5
b4 28. Qf4 Nh5 29. Qh4 Bxg5 30. Qxg5 g6 31. Ng4 f6 32. Qh6 Qe8 33. Ne3 f5 34.
Ra1 Rf7 35. Nf3 e5 36. Nh4 Rb7 37. Nxd5 b3 38. Qd2 Qd8 39. Nc3 Qxh4 40. Bxf5
gxf5 41. Qd6 Qe7 0-1

[Event "Madrid ch Veteranos 2223"]
[Site "Madrid ESP"]
[Date "2023.04.24"]
[Round "6.28"]
[White "Martinez Pintor, Juan"]
[Black "Marcos Medina, Alejandro"]
[Result "1/2-1/2"]
[WhiteElo "1545"]
[BlackElo "1692"]
[PlyCount "118"]
[EventDate "2023.04.17"]
[EventType "swiss"]
[EventRounds "9"]
[EventCountry "ESP"]
[SourceTitle "Ajedrez en Madrid"]
[Source "lmi"]
[SourceDate "2023.04.17"]
[SourceVersion "1"]
[SourceVersionDate "2023.05.22"]
[SourceQuality "1"]

1. d4 d5 2. c4 e6 3. Nc3 Nf6 4. Bg5 Be7 5. Nf3 Nbd7 6. e3 a6 7. Rc1 h6 8. Bh4
O-O 9. h3 dxc4 10. Bxc4 b5 11. Bd3 Bb7 12. a3 c5 13. O-O c4 14. Bc2 Nh5 15.
Bxe7 Qxe7 16. Be4 Bxe4 17. Nxe4 f5 18. Nc3 Nhf6 19. Qe2 e5 20. dxe5 Nxe5 21.
Nxe5 Qxe5 22. Rcd1 Rad8 23. Qc2 Ne4 24. Ne2 Rxd1 25. Rxd1 Re8 26. a4 Nc5 27.
axb5 axb5 28. Nf4 Nd3 29. Nxd3 cxd3 30. Qxd3 Rc8 31. Qd5+ Qxd5 32. Rxd5 Rc1+
33. Kh2 b4 34. Rb5 Rc2 35. Rxb4 Rxf2 36. Kg3 Rf1 37. Rb7 Kh7 38. b4 Kg6 39. b5
Rb1 40. h4 Rb3 41. Kf3 Rb4 42. g3 Rb3 43. Rb6+ Kh5 44. Rb7 g6 45. b6 Rb4 46.
Rb8 Rb3 47. b7 Rb4 48. Ke2 Kg4 49. Rg8 Rb2+ 50. Kd3 Rxb7 51. Rxg6+ Kf3 52. Rxh6
Rd7+ 53. Kc4 Kxg3 54. Rf6 Kf3 55. Rxf5+ Kxe3 56. h5 Ke4 57. Rg5 Rc7+ 58. Kb5
Kf4 59. Rg6 Rh7 1/2-1/2

[Event "Madrid ch Veteranos 2223"]
[Site "Madrid ESP"]
[Date "2023.04.24"]
[Round "6.29"]
[White "Lobato Palomo, Manuel Angel"]
[Black "Tudela Garcia, Antonio"]
[Result "1-0"]
[WhiteElo "1689"]
[BlackElo "1572"]
[PlyCount "76"]
[EventDate "2023.04.17"]
[EventType "swiss"]
[EventRounds "9"]
[EventCountry "ESP"]
[SourceTitle "Ajedrez en Madrid"]
[Source "lmi"]
[SourceDate "2023.04.17"]
[SourceVersion "1"]
[SourceVersionDate "2023.05.22"]
[SourceQuality "1"]

1. d4 Nf6 2. Nc3 d5 3. Bf4 Nh5 4. Bg3 c6 5. e3 Nxg3 6. hxg3 Nd7 7. Nf3 g6 8.
Qd2 Nf6 9. Bd3 Bg7 10. Ne5 Ng4 11. Nxg4 Bxg4 12. Rh4 Bd7 13. Ne2 Qb6 14. O-O-O
c5 15. c3 O-O-O 16. dxc5 Qxc5 17. Nd4 e5 18. Nb3 Qc7 19. Qe2 Kb8 20. Kb1 h5 21.
Bb5 Bf5+ 22. Ka1 e4 23. Qd2 Bf6 24. Rhh1 Bg4 25. Rc1 a6 26. Be2 Bxe2 27. Qxe2
Qc4 28. Qxc4 dxc4 29. Nd4 Rd5 30. Rcd1 Rhd8 31. Rd2 Kc7 32. Rhd1 R5d7 33. Kb1
Be5 34. Kc2 f5 35. Ne6+ Kc8 36. Nxd8 Rxd2+ 37. Rxd2 Bc7 38. Ne6 Bb6 1-0

[Event "Madrid ch Veteranos 2223"]
[Site "Madrid ESP"]
[Date "2023.04.24"]
[Round "6.30"]
[White "Siddiqie, Kausar Iqbal"]
[Black "Carrera Cabaneros, Francisco"]
[Result "0-1"]
[WhiteElo "1265"]
[BlackElo "1684"]
[PlyCount "120"]
[EventDate "2023.04.17"]
[EventType "swiss"]
[EventRounds "9"]
[EventCountry "ESP"]
[SourceTitle "Ajedrez en Madrid"]
[Source "lmi"]
[SourceDate "2023.04.17"]
[SourceVersion "1"]
[SourceVersionDate "2023.05.22"]
[SourceQuality "1"]

1. e4 e6 2. d4 d5 3. e5 c5 4. c3 Nc6 5. Nf3 Qb6 6. a4 Nge7 7. Bb5 Bd7 8. O-O
Ng6 9. Re1 Be7 10. Qd3 a6 11. Bxc6 Bxc6 12. a5 Qc7 13. b3 Rc8 14. Be3 cxd4 15.
cxd4 Bb4 16. Bd2 Bb5 17. Qe3 Qe7 18. Nc3 Bxc3 19. Bxc3 O-O 20. Rac1 Rc7 21. Bb4
Qxb4 22. Rxc7 Bc6 23. Ra1 Ne7 24. Qg5 Nf5 25. Qg4 Qc3 26. Rd1 Qxa5 27. Rxc6
bxc6 28. Ng5 Qc3 29. h4 Qxb3 30. h5 h6 31. Nh3 Qc4 32. Qf4 c5 33. dxc5 Qxc5 34.
g4 Ne7 35. g5 Nf5 36. Rd3 Qc4 37. Qf3 hxg5 38. Nxg5 Qc1+ 39. Kh2 Qxg5 40. Qh3
Qh4 41. Rf3 Qxh3+ 42. Rxh3 Kh7 43. Ra3 Ra8 44. Ra4 Kh6 45. Kh3 Kxh5 46. f4 a5
47. Kg2 Ne3+ 48. Kf3 Nc4 49. Ra1 a4 50. Rg1 Kh6 51. Kg4 g6 52. Rh1+ Kg7 53. Kg5
a3 54. f5 exf5 55. e6 f6+ 56. Kf4 Re8 57. Re1 Ne5 58. Ra1 Ra8 59. Rd1 a2 60.
Ra1 Kf8 0-1

[Event "Madrid ch Veteranos 2223"]
[Site "Madrid ESP"]
[Date "2023.04.24"]
[Round "6.31"]
[White "Garcia Galeote, Lorenzo"]
[Black "Jimenez Ascarza, Jose Ignacio"]
[Result "1/2-1/2"]
[WhiteElo "1896"]
[BlackElo "1534"]
[PlyCount "89"]
[EventDate "2023.04.17"]
[EventType "swiss"]
[EventRounds "9"]
[EventCountry "ESP"]
[SourceTitle "Ajedrez en Madrid"]
[Source "lmi"]
[SourceDate "2023.04.17"]
[SourceVersion "1"]
[SourceVersionDate "2023.05.22"]
[SourceQuality "1"]

1. d4 Nf6 2. c4 g6 3. Nc3 Bg7 4. e4 d6 5. Nge2 O-O 6. Ng3 Nbd7 7. Be2 e5 8. d5
Nc5 9. b4 Ncd7 10. Rb1 a5 11. a3 h5 12. Bg5 Re8 13. Qd2 Nf8 14. f3 N8h7 15. Bh4
Nxe4 16. Bxd8 Nxd2 17. Kxd2 Rxd8 18. Nge4 f5 19. Nf2 axb4 20. axb4 Bd7 21. Bd3
Nf6 22. Ra1 Re8 23. Rxa8 Rxa8 24. Kc2 h4 25. Kb3 Nh5 26. Bc2 Bh6 27. g4 hxg3
28. hxg3 Be3 29. g4 Nf4 30. Nfd1 Bd4 31. gxf5 Bxf5 32. Bxf5 gxf5 33. Nb5 Bb6
34. Ndc3 Rc8 35. Na4 Bf2 36. Rf1 Bh4 37. Rh1 Bf6 38. Nac3 Kf7 39. c5 dxc5 40.
bxc5 Nd3 41. Kc4 Nb2+ 42. Kb3 Nd3 43. Kc4 Nb2+ 44. Kb3 Nd3 45. Kc4 1/2-1/2

[Event "Madrid ch Veteranos 2223"]
[Site "Madrid ESP"]
[Date "2023.04.24"]
[Round "6.32"]
[White "Pashov, Spas Nikolov"]
[Black "Ramos Antona, Enrique"]
[Result "1-0"]
[WhiteElo "1794"]
[BlackElo "1500"]
[PlyCount "120"]
[EventDate "2023.04.17"]
[EventType "swiss"]
[EventRounds "9"]
[EventCountry "ESP"]
[SourceTitle "Ajedrez en Madrid"]
[Source "lmi"]
[SourceDate "2023.04.17"]
[SourceVersion "1"]
[SourceVersionDate "2023.05.22"]
[SourceQuality "1"]

1. e4 e5 2. Nf3 Nf6 3. Bc4 Bd6 4. Nc3 Nc6 5. O-O O-O 6. d3 Be7 7. Bg5 d6 8. h3
Be6 9. Bxf6 Bxf6 10. Bd5 Qc8 11. Qd2 Ne7 12. Rfe1 c6 13. Bb3 Bxb3 14. axb3 Ng6
15. Ra4 b5 16. Ra2 Rd8 17. b4 h6 18. b3 a6 19. Rea1 Ne7 20. Qe3 Qb7 21. Ne2 d5
22. c3 dxe4 23. dxe4 Rdb8 24. Nc1 Qb6 25. Qxb6 Rxb6 26. Nd3 Ng6 27. g3 Be7 28.
Kf1 f6 29. Nc5 Nf8 30. Ne1 Kf7 31. Ned3 Ne6 32. Nxa6 Rd8 33. Ke2 Ng5 34. f3
Nxh3 35. Nac5 Ng5 36. Ra6 Rxa6 37. Rxa6 Rd6 38. Ra7 Ne6 39. Nxe6 Kxe6 40. Rc7
Kf7 41. Nc5 Ke8 42. Nb7 Re6 43. Rc8+ Kd7 44. Rg8 Kc7 45. Na5 g5 46. Rh8 c5 47.
bxc5 Bxc5 48. b4 Bb6 49. Nb3 Rc6 50. Rh7+ Kb8 51. Kd3 Rd6+ 52. Kc2 Bf2 53. g4
Ra6 54. Na5 Bb6 55. Rxh6 Bxa5 56. bxa5 Rxa5 57. Rxf6 Ra2+ 58. Kd3 Ra3 59. Rb6+
Kc7 60. Rxb5 Kd6 1-0

[Event "Madrid ch Veteranos 2223"]
[Site "Madrid ESP"]
[Date "2023.04.24"]
[Round "6.33"]
[White "Lopez Heras, Arturo"]
[Black "Carbo de Haya, Jaime"]
[Result "1-0"]
[WhiteElo "1708"]
[BlackElo "1238"]
[PlyCount "101"]
[EventDate "2023.04.17"]
[EventType "swiss"]
[EventRounds "9"]
[EventCountry "ESP"]
[SourceTitle "Ajedrez en Madrid"]
[Source "lmi"]
[SourceDate "2023.04.17"]
[SourceVersion "1"]
[SourceVersionDate "2023.05.22"]
[SourceQuality "1"]

1. e4 c5 2. Nf3 d6 3. d4 cxd4 4. Nxd4 Nf6 5. Nc3 a6 6. Be2 e6 7. O-O b5 8. a3
Bb7 9. f3 g6 10. Be3 Bg7 11. Qd2 O-O 12. Rad1 d5 13. e5 Nfd7 14. f4 Nc5 15.
Ndxb5 Nbd7 16. Nd6 Qc7 17. b4 Ne4 18. Ncxe4 dxe4 19. Nxb7 Nxe5 20. fxe5 Qxb7
21. Qd7 Rab8 22. Bc5 Qc8 23. Bxf8 Qxf8 24. Qc7 Rc8 25. Qd6 Rxc2 26. Qxf8+ Bxf8
27. Bxa6 Ra2 28. Ra1 Rb2 29. Rfe1 Bg7 30. Rxe4 f5 31. exf6 Bxf6 32. Rf1 Kg7 33.
Rxe6 Bd4+ 34. Kh1 Rb3 35. Re4 Bc3 36. a4 Bxb4 37. g4 Bd6 38. g5 Rb2 39. Re2 Rb4
40. Bb5 Rf4 41. Rg2 Rd4 42. Be8 Bf4 43. Rg4 Rd8 44. Rgxf4 Rxe8 45. Rf7+ Kg8 46.
a5 h5 47. gxh6 g5 48. h7+ Kh8 49. Rf8+ Rxf8 50. Rxf8+ Kxh7 51. a6 1-0

[Event "Madrid ch Veteranos 2223"]
[Site "Madrid ESP"]
[Date "2023.04.24"]
[Round "6.34"]
[White "Prieto Gonzalez, Cesar"]
[Black "Plaza Plaza, Prudencio"]
[Result "1-0"]
[WhiteElo "1608"]
[BlackElo "1299"]
[PlyCount "39"]
[EventDate "2023.04.17"]
[EventType "swiss"]
[EventRounds "9"]
[EventCountry "ESP"]
[SourceTitle "Ajedrez en Madrid"]
[Source "lmi"]
[SourceDate "2023.04.17"]
[SourceVersion "1"]
[SourceVersionDate "2023.05.22"]
[SourceQuality "1"]

1. e4 c5 2. Nc3 Nc6 3. f4 g6 4. Nf3 Bg7 5. Be2 e6 6. O-O Nge7 7. d3 O-O 8. Be3
Nd4 9. Rb1 d6 10. Qd2 Nec6 11. Nd1 f5 12. c3 Nxf3+ 13. Bxf3 b6 14. exf5 d5 15.
fxg6 hxg6 16. Qf2 Bb7 17. Qg3 Ne7 18. Bg4 Nf5 19. Bxf5 gxf5 20. d4 1-0

[Event "Madrid ch Veteranos 2223"]
[Site "Madrid ESP"]
[Date "2023.04.24"]
[Round "6.35"]
[White "Becerra Baigorri, Jose"]
[Black "Martinez Miura, Enrique"]
[Result "1/2-1/2"]
[WhiteElo "1505"]
[BlackElo "1519"]
[PlyCount "132"]
[EventDate "2023.04.17"]
[EventType "swiss"]
[EventRounds "9"]
[EventCountry "ESP"]
[SourceTitle "Ajedrez en Madrid"]
[Source "lmi"]
[SourceDate "2023.04.17"]
[SourceVersion "1"]
[SourceVersionDate "2023.05.22"]
[SourceQuality "1"]

1. e4 e6 2. d4 d5 3. Nd2 dxe4 4. Nxe4 Nd7 5. Nf3 Be7 6. Bd3 Ngf6 7. c3 Nxe4 8.
Bxe4 Nf6 9. Bc2 O-O 10. O-O b6 11. Bf4 Bb7 12. Re1 c5 13. Ne5 Qd5 14. Nf3 cxd4
15. Qxd4 Rfd8 16. Qxd5 Nxd5 17. Bg3 Rac8 18. Be4 Ba6 19. Rad1 Nf6 20. Bc2 Bb7
21. Nd4 a6 22. Bf4 Bc5 23. Nb3 Be7 24. Rxd8+ Bxd8 25. Rd1 Bd5 26. h3 b5 27. a3
Bc7 28. Be3 Nd7 29. Nc1 Bb6 30. Nd3 Bxe3 31. fxe3 g6 32. Nb4 Nb6 33. Nxd5 Nxd5
34. Kf2 f5 35. e4 fxe4 36. Bxe4 Nf6 37. Bb7 Rc5 38. Bxa6 Rf5+ 39. Kg1 Kg7 40.
c4 bxc4 41. Bxc4 e5 42. Rf1 Rg5 43. a4 Nh5 44. Kh2 Nf4 45. g3 Nh5 46. g4 Nf4
47. a5 h5 48. Rg1 e4 49. b4 Nd3 50. Rb1 hxg4 51. hxg4 Rxg4 52. a6 Rh4+ 53. Kg3
Rh8 54. Bd5 e3 55. Be4 Nf2 56. Bg2 Nd3 57. Bf3 Re8 58. Be2 Nf2 59. a7 Ne4+ 60.
Kg2 Nc3 61. Bf3 Nxb1 62. a8=Q Rxa8 63. Bxa8 e2 64. Kf2 Nc3 65. Bf3 Kf6 66. Bxe2
Ke5 1/2-1/2

[Event "Madrid ch Veteranos 2223"]
[Site "Madrid ESP"]
[Date "2023.04.24"]
[Round "6.39"]
[White "Yela Garcia, Carlos"]
[Black "Calle Trueba, Jose Antonio"]
[Result "1-0"]
[WhiteElo "1489"]
[BlackElo "1381"]
[PlyCount "37"]
[EventDate "2023.04.17"]
[EventType "swiss"]
[EventRounds "9"]
[EventCountry "ESP"]
[SourceTitle "Ajedrez en Madrid"]
[Source "lmi"]
[SourceDate "2023.04.17"]
[SourceVersion "1"]
[SourceVersionDate "2023.05.22"]
[SourceQuality "1"]

1. d4 d5 2. Bf4 Nf6 3. e3 e6 4. Nf3 Bd6 5. Bg3 O-O 6. Bd3 c5 7. c3 Qc7 8. Nbd2
Nbd7 9. Qc2 e5 10. dxe5 Nxe5 11. Nxe5 Bxe5 12. Nf3 Bd6 13. Bh4 c4 14. Bf5 Bxf5
15. Qxf5 Qd7 16. Nd4 Qxf5 17. Nxf5 Ne8 18. Nxd6 Nxd6 19. Be7 1-0

[Event "Madrid ch Veteranos 2223"]
[Site "Madrid ESP"]
[Date "2023.04.24"]
[Round "6.40"]
[White "De Juan Rivas, Antonio"]
[Black "Gonzalez Hormigos, Carlos Manuel"]
[Result "1-0"]
[WhiteElo "1408"]
[BlackElo "1116"]
[PlyCount "79"]
[EventDate "2023.04.17"]
[EventType "swiss"]
[EventRounds "9"]
[EventCountry "ESP"]
[SourceTitle "Ajedrez en Madrid"]
[Source "lmi"]
[SourceDate "2023.04.17"]
[SourceVersion "1"]
[SourceVersionDate "2023.05.22"]
[SourceQuality "1"]

1. f4 b6 2. Nf3 Bb7 3. e3 g6 4. Bc4 d5 5. Bb5+ c6 6. Be2 Bg7 7. O-O Nf6 8. d3
O-O 9. Nbd2 Ng4 10. Nb3 Nd7 11. h3 Nh6 12. c3 Nf6 13. Ne5 Nf5 14. Qe1 Nd7 15.
e4 Nd6 16. Nxd7 Qxd7 17. Bg4 f5 18. exf5 Nxf5 19. Nd4 e6 20. Qxe6+ Qxe6 21.
Nxe6 Rfe8 22. Nc7 Rac8 23. Nxe8 Rxe8 24. Bd2 c5 25. Bxf5 gxf5 26. Rae1 Rf8 27.
Re7 Rb8 28. Rfe1 Kf8 29. Rc7 Bf6 30. Re6 Bh8 31. Rxh7 Kg8 32. Ree7 d4 33. Rxb7
Ra8 34. Rxa7 Rf8 35. Rhb7 Re8 36. Kf2 Rf8 37. Rxb6 Rc8 38. Rab7 Bg7 39. Rg6 Kh7
40. Rgxg7+ 1-0

[Event "Madrid ch Veteranos 2223"]
[Site "Madrid ESP"]
[Date "2023.04.24"]
[Round "6.41"]
[White "Benito Mellado, Humberto"]
[Black "Rosado Sanchez, Jose Ignacio"]
[Result "0-1"]
[WhiteElo "1449"]
[BlackElo "1377"]
[PlyCount "28"]
[EventDate "2023.04.17"]
[EventType "swiss"]
[EventRounds "9"]
[EventCountry "ESP"]
[SourceTitle "Ajedrez en Madrid"]
[Source "lmi"]
[SourceDate "2023.04.17"]
[SourceVersion "1"]
[SourceVersionDate "2023.05.22"]
[SourceQuality "1"]

1. d4 d5 2. c4 e5 3. dxe5 d4 4. b3 Nc6 5. Nf3 Nge7 6. Bg5 h6 7. Bh4 g5 8. Bg3
Ng6 9. a3 Bf5 10. h3 Bg7 11. Bh2 Ngxe5 12. Nxe5 Nxe5 13. Nd2 Qe7 14. Ra2 Nd3#
0-1